=LDR 00000nam 2200000 4500 =001 INLIS000000000022816 =005 20130612121532 =008 ***********************************Ind** =035 ##$$0010-061300000022816 =041 ##$$a Ind =082 ##$$a 649.6 =090 ##$$a 649.6, Roc b =100 ##$$a Rocissano, Rorraine =245 ##$$a Bagaimana membantu bayi bicara, Lorraine Rocssano =260 ##$$a 1993 $b Yogyakarto =300 ##$$a 203 hlm, ilus, 21 cm =650 ##$$a Anak-mengasuh =850 ##$$a NBPNMAT